مكتبة جامعة عجلون الوطنية

فهرس بحث المكتبة

Normal view MARC view
  • هاريدي،لوكاند مؤلف/ر.رامر م.مشارك/كوسوما م.مشارك/سالم،محمود عوض الله مترجم/الشحات،محمد مجدي مترجم/إسماعيل،محمد يونس مراجع

Entry Personal Name

Number of records used in: 1

001 - CONTROL NUMBER

  • control field: 42869

003 - CONTROL NUMBER IDENTIFIER

  • control field: JO-AjAnu

005 - DATE AND TIME OF LATEST TRANSACTION

  • control field: 20230606081117.0

008 - FIXED-LENGTH DATA ELEMENTS

  • fixed length control field: 230606|| aca||aabn | a|a d

040 ## - CATALOGING SOURCE

  • Original cataloging agency: JO-AjAnu
  • Transcribing agency: JO-AjAnu

100 ## - HEADING--PERSONAL NAME

  • Personal name: هاريدي،لوكاند مؤلف/ر.رامر م.مشارك/كوسوما م.مشارك/سالم،محمود عوض الله مترجم/الشحات،محمد مجدي مترجم/إسماعيل،محمد يونس مراجع

670 ## - SOURCE DATA FOUND

  • Source citation: Work cat.: (JO-AjAnu)21956: هاريدي،لوكاند مؤلف/ر.رامر م.مشارك/كوسوما م.مشارك/سالم،محمود عوض الله مترجم/الشحات،محمد مجدي مترجم/إسماعيل،محمد يونس مراجع, author, بطيئو التعلم خصائصهم النفسية وتعليمهم